| Поле | Инд. | ПП | Название | Значение |
|---|---|---|---|---|
| Тип записи | a | |||
| Библиографический уровень | a | |||
| 001 | Контрольный номер | 9bbf3371284c43d494be0397bc8ef2dc | ||
| 005 | Дата корректировки | 20181124200615.4 | ||
| 100 | a | Данные общей обработки | 20181113 ||| 0rusy0189 ca | |
| 101 | 0_ | a | Язык текста | rus |
| 102 | a | Страна публикации | RU | |
| 200 | 1_ | f | Первые сведения об ответственности | А.М. Лютынский, Р.М. Морозов |
| a | Заглавие | Некоторые прикладные проблемы заключения под стражу в российском уголовном процессе | ||
| b | Общее обозначение материала | Текст | ||
| 210 | d | Дата издания | 2017 | |
| 461 | _0 | 1 | 2000 | |
| a | Закон и право | |||
| 463 | _0 | 1 | 2000 | |
| a | №11 | |||
| v | С. 54-57 | |||
| 1 | 2101 | |||
| d | 2017 | |||
| 1 | 001fe8182aaa0a0482cad02af67e0ab2e35 | |||
| 606 | a | Основная рубрика | Уголовно-процессуальное право | |
| 610 | 0_ | a | Ключевые слова | ЗАКЛЮЧЕНИЕ ПОД СТРАЖУ |
| a | Ключевые слова | МЕРЫ ПРЕСЕЧЕНИЯ | ||
| a | Ключевые слова | СРОКИ | ||
| 700 | _1 | a | Фамилия | Лютынский |
| b | Имя | А.М. | ||
| 701 | _1 | a | Фамилия | Морозов |
| b | Имя | Р.М. | ||
| 801 | _0 | a | Страна | RU |
| b | Организация | РГУП | ||
| c | Дата составления | 20181113 | ||
| g | Правила каталогизации | PSBO | ||
| 801 | _1 | a | Страна | RU |
| b | Организация | РГУП | ||
| c | Дата составления | 20181113 | ||
| g | Правила каталогизации | PSBO | ||
| 901 | t | Тип документа | b | |
| w | Контрольный № источника | fe8182aaa0a0482cad02af67e0ab2e35 | ||
| 905 | a | Дата ввода | 20181113 |